Food cultures of India (Record no. 1309161)

MARC details
000 -LEADER
fixed length control field 00596nam a22002297a 4500
005 - DATE AND TIME OF LATEST TRANSACTION
control field 20250529152511.0
008 - FIXED-LENGTH DATA ELEMENTS--GENERAL INFORMATION
fixed length control field 250418b |||||||| |||| 00| 0 eng d
020 ## - INTERNATIONAL STANDARD BOOK NUMBER
International Standard Book Number 9789360808556
040 ## - CATALOGING SOURCE
Original cataloging agency SDCL
Transcribing agency SDCL
041 ## - LANGUAGE CODE
Source of code eng
Language code of text/sound track or separate title eng
084 ## - COLON CLASSIFICATION NUMBER
Classification number Y:1(J3).2'P R4
245 ## - TITLE STATEMENT
Title Food cultures of India
260 ## - PUBLICATION, DISTRIBUTION, ETC.
Place of publication, distribution, etc. New Delhi :
Name of publisher, distributor, etc. Manohar,
Date of publication, distribution, etc. 2024.
300 ## - PHYSICAL DESCRIPTION
Extent 342p.
650 ## - SUBJECT ADDED ENTRY--TOPICAL TERM
Topical term or geographic name entry element History
650 ## - SUBJECT ADDED ENTRY--TOPICAL TERM
Topical term or geographic name entry element Food
650 ## - SUBJECT ADDED ENTRY--TOPICAL TERM
Topical term or geographic name entry element Folklore
9 (RLIN) 26742
700 ## - ADDED ENTRY--PERSONAL NAME
Personal name Chaudhuri, Sarit K.
9 (RLIN) 752443
700 ## - ADDED ENTRY--PERSONAL NAME
Personal name Nath, Debarshi Prasad
9 (RLIN) 751553
700 ## - ADDED ENTRY--PERSONAL NAME
Personal name Sarma, Dhurjjati
9 (RLIN) 752444
942 ## - ADDED ENTRY ELEMENTS (KOHA)
Source of classification or shelving scheme Colon Classification (CC)
Koha item type Textual
Suppress in OPAC No
Holdings
Withdrawn status Lost status Source of classification or shelving scheme Damaged status Not for loan Home library Current library Date acquired Source of acquisition Inventory number Total Checkouts Full call number Barcode Date last seen Price effective from Koha item type
    Colon Classification (CC)     South Campus Library South Campus Library 2025-04-18 Classic Book Service 171, 11/12/2024, INR 1995.00   Y:1(J3).2'P R4 SC1690749 2025-04-18 2025-04-18 Textual
Copyright @ Delhi University Library System